000 00683nam a22002057a 4500
999 _c117
_d117
003 AR-CdUCM
008 190221b ||||| |||| 00| 0 spa d
040 _aMUNICIPALIDAD PROVINCIAL DEL CUSCO
_cBIBLIOTECA MUNICIPAL DEL CUSCO
082 _a808.83 /
_bB24
_22ed.
100 _aBascope Asplazu, Rene
_9566
245 _aLos rostros de la oscuridad /
260 _aBolivia :
_bEdit.Urquizo,
_c1988.
300 _a98 paginas ;
_c25 cm.
505 _aContenido: Noche madre --Noche amante --Noche verdugo ...
650 _aLa soledad
_9567
650 _aFormación de pandillas
_9568
650 _aCaracterísticas psicológicas
_9569
942 _2ddc
_cLIBROS
945 _arjall
_d2019-02-21